| 000 | 00587nam a22002297a 4500 | ||
|---|---|---|---|
| 003 | LC | ||
| 005 | 20160224140337.0 | ||
| 008 | 121119t xxu||||| |||| 00| 0 eng d | ||
| 020 | _a0002237105 | ||
| 050 |
_aPR 6070.H56 _b.T454 1990 |
||
| 082 |
_aFIC _bT36la 1990 |
||
| 100 |
_aThomas, Craig _918246 |
||
| 245 |
_aThe last raven / _cCraig Thomas |
||
| 260 |
_aLondon : _bCollins, _cc1990. |
||
| 300 |
_a431 p. : _c24 cm. |
||
| 562 | _e1 | ||
| 650 |
_aFiction _9746 |
||
| 650 | _aSoviet Union -- Fiction. | ||
| 650 | _aMiddle East -- Fiction. | ||
| 942 |
_2lcc _cBK |
||
| 999 |
_c11341 _d11341 |
||